书目信息 |
| 题名: |
501个疯子
|
|
| 作者: | 张林 , 多多 , 鹤麟 , 麦楠 著 | |
| 分册: | 1 | |
| 出版信息: | 武汉 华中科技大学出版社 2016 |
|
| 页数: | 193页 | |
| 开本: | 21cm | |
| 丛书名: | ||
| 单 册: | ||
| 中图分类: | K825.42 | |
| 科图分类: | ||
| 主题词: | 主持人--生平事迹--中国--当代 | |
| 电子资源: | ||
| ISBN: | 978-7-5680-1413-7 | |
| 000 | 01151nam0 2200289 45 | |
| 001 | 012001000440 | |
| 005 | 20180920143730.40 | |
| 010 | @a978-7-5680-1413-7@dCNY24.90 | |
| 100 | @a20160405d2016 em y0chiy50 ea | |
| 101 | 0 | @achi |
| 102 | @aCN@b420000 | |
| 105 | @aa z 000yc | |
| 106 | @ar | |
| 200 | 1 | @a501个疯子@9501 Ge Feng Zi@b专著@d501 Crazy men@h1@f张林等著@zeng |
| 210 | @a武汉@c华中科技大学出版社@d2016 | |
| 215 | @a193页@c照片@d21cm | |
| 300 | @a并列题名:501 Crazy men | |
| 330 | @a这是一本凤凰卫视“疯子”们逸闻轶事的大集合。凤凰的“疯子”既有管理层,也有名主播、名记者,更有名嘴大拿,他们的家事、糗事、乐事、疯事以及正传不便录入的各类故事,都在这里被互相挖掘爆料出来。很多篇章更由陈鲁豫、窦文涛、吴小莉、曾子墨、闾丘露薇等人执笔,亲述在凤凰家长里短的“疯”。本书也收录了大师李敖、梁冬、梁文道、秦枫等人的自我描述。 | |
| 510 | 1 | @a501 Crazy men@zeng |
| 606 | 0 | @a主持人@x生平事迹@y中国@z当代 |
| 690 | @aK825.42@v5 | |
| 701 | 0 | @a张林@9Zhang Lin@4著 |
| 701 | 0 | @a多多@9Duo Duo@4著 |
| 701 | 0 | @a鹤麟@9He Lin@4著 |
| 701 | 0 | @a麦楠@9Mai Nan@4著 |
| 801 | 0 | @aCN@b上海新华@c20180901 |
| 905 | @b1150513-16@dK825.42@e1132:1@f4 | |
| 501个疯子=501 Crazy men.1/张林等著.-武汉:华中科技大学出版社,2016 |
| 193页:照片;21cm |
| 并列题名:501 Crazy men |
| ISBN 978-7-5680-1413-7:CNY24.90 |
| 这是一本凤凰卫视“疯子”们逸闻轶事的大集合。凤凰的“疯子”既有管理层,也有名主播、名记者,更有名嘴大拿,他们的家事、糗事、乐事、疯事以及正传不便录入的各类故事,都在这里被互相挖掘爆料出来。很多篇章更由陈鲁豫、窦文涛、吴小莉、曾子墨、闾丘露薇等人执笔,亲述在凤凰家长里短的“疯”。本书也收录了大师李敖、梁冬、梁文道、秦枫等人的自我描述。 |
| ● |
| 相关链接 |
|
|
|
|
正题名:501个疯子
索取号:K825.42/1132:1
 
预约/预借
| 序号 | 登录号 | 条形码 | 馆藏地/架位号 | 状态 | 备注 |
| 1 | 1150513 | 211505138 | 第二样本阅览室/ [索取号:K825.42/1132:1] | 在馆 | |
| 2 | 1150514 | 211505147 | 密集书库-资源管理系/ [索取号:K825.42/1132:1] | 在馆 | |
| 3 | 1150515 | 211505156 | 第二借阅区/ [索取号:K825.42/1132:1] | 在馆 | |
| 4 | 1150516 | 211505165 | 第二借阅区/ [索取号:K825.42/1132:1] | 在馆 |